00715naa a22001457i 45000010005000000030009000050050017000140080041000310400029000721000143001012450117002447730180003619420013005419990015005549292KOSZ 00520180509104301.0180322s2011 gw ||||f |||| 00| 0 eng d aKOSZ 005/ARcKOSZ 005/AR1 aGASZTOLD, Brygida.bPolitechnika Koszalińska - Instytut Neofilologii i Komunikacji Społecznej,cZakład Filologii Angielskiejd1993 - .10aNatives and aliens: Jewish New York in the eyes of early twentieth century American writers /cBrygida Gasztold.0 iW :tUs and them - them and us : constructions of the other in cultural stereotypes. -dAachen : Shaker Verlag, 2011. -gs. 265-279z9783832284213kSprache & Kulturx1430-7782 2UKDcROZ c9292d9292